000 00878nam a2200253Ia 4500
003 OSt
005 20220923223716.0
006 a|||||r|||| 00| 0
007 ta
008 220922b |||||||| |||| 00| 0 hin d
024 _a220,404
037 _cTextual
040 _aARTS
_cARTS
_bhin
041 _2hin
_ahin
082 _aO152,1:gN3, N4
100 _aस्नातक, विजयेन्द्र
245 0 _aद्विवेदी युगीन हिन्दी नवरत्न
246 _aDvivedī yugīn hindī navaratna
260 _aदिल्ली
_b आर्य प्रकाशन मंडल
_c1994
300 _a119पृ.
_ccm.
650 _aहिन्दी साहित्य
_9156264
942 _hO152,1:gN3, N4
_cTEXL
_2CC
999 _c366877
_d366877